Food and beverage service for levels 1 and 2 (Record no. 43671)

MARC details
000 -LEADER
fixed length control field 00759nam a2200181 a 4500
008 - FIXED-LENGTH DATA ELEMENTS--GENERAL INFORMATION
fixed length control field 160510s2014 ||||||||||||||||| || u
020 ## - INTERNATIONAL STANDARD BOOK NUMBER
International Standard Book Number 9781471807916
050 ## - LIBRARY OF CONGRESS CALL NUMBER
Classification number TX 910 Cou
100 ## - MAIN ENTRY--PERSONAL NAME
Personal name Cousins, John
245 10 - TITLE STATEMENT
Title Food and beverage service for levels 1 and 2
Statement of responsibility, etc. By John Cousins, Dennis Lillcrap and Suzanne Weekes
260 ## - PUBLICATION, DISTRIBUTION, ETC.
Place of publication, distribution, etc. London:
Name of publisher, distributor, etc. Hodder Education
Date of publication, distribution, etc. 2014
300 ## - PHYSICAL DESCRIPTION
Extent xx, 362p.: ill.
350 ## - PRICE (NR) (BK AM CF MU VM SE) [OBSOLETE]
Price 25.74
650 ## - SUBJECT ADDED ENTRY--TOPICAL TERM
Topical term or geographic name entry element BEVERAGE INDUSTRY--SINGAPORE--PERIODICALS
650 ## - SUBJECT ADDED ENTRY--TOPICAL TERM
Topical term or geographic name entry element FOOD INDUSTRY AND TRADE--SINGAPORE--PERIODICALS
650 ## - SUBJECT ADDED ENTRY--TOPICAL TERM
Topical term or geographic name entry element SERVICE INDUSTRIES--SINGAPORE--PERIODICALS
995 ## - RECOMMENDATION 995 [LOCAL, UNIMARC FRANCE]
-- CBU-MAIN LIBRARY (Kitwe)
-- 25.74
-- 1
-- AVAILABLE
-- May 12, 2016
-- Main Library Open Access Collection
Holdings
Withdrawn status Lost status Source of classification or shelving scheme Damaged status Not for loan Home library Current library Shelving location Date acquired Total Checkouts Full call number Barcode Date last seen Price effective from Koha item type
          CBU-MAIN LIBRARY, KITWE. CBU-MAIN LIBRARY, KITWE.   11/30/2022   TX 910 Cou 745737 11/30/2022 11/30/2022 MONOGRAPH